[Event "Pan American-ch School U17"]
[Site "Medellin"]
[Date "2019.11.13"]
[Round "3"]
[White "Viscaino Yanez, Jhonny Cesar"]
[Black "Analuisa Ramirez, Jaime Gonzalo"]
[Result "1-0"]
[WhiteElo "1741"]
[BlackElo "1394"]
[PlyCount "103"]
[EventDate "2019.11.12"]
[EventType "swiss"]
[EventRounds "9"]
[EventCountry "COL"]
[SourceTitle "CBM 193 Extra"]
[Source "ChessBase"]
[SourceDate "2020.01.31"]
[SourceVersion "1"]
[SourceVersionDate "2020.01.31"]
[SourceQuality "1"]

1. e4 c5 2. Nf3 d6 3. d4 cxd4 4. Nxd4 Nf6 5. Nc3 a6 6. a4 e5 7. Nb3 Be7 8. Be2 Be6 9. 0-0 0-0 10. Be3 d5 11. exd5 Nxd5 12. Nxd5 Qxd5 13. f4 Nc6 14. fxe5 Nxe5 15. Qxd5 Bxd5 16. Bd4 Nc6 17. Bc3 Bxb3 18. cxb3 Bc5+ 19. Kh1 Nd4 20. Bc4 Nc2 21. Rac1 Ne3 22. Rf3 Nxc4 23. bxc4 Rad8 24. b4 Bd4 25. h3 Bxc3 26. Rcxc3 Rd1+ 27. Kh2 Rc8 28. c5 Rd4 29. Rfd3 Rxb4 30. c6 bxc6 31. Rxc6 Ra8 32. Rxa6 Rbb8 33. Rxa8 Rxa8 34. a5 g6 35. Ra3 Ra6 36. Kg3 Kg7 37. Kf4 Kf6 38. Ke4 Kg5 39. Kd5 h5 40. Kc5 Kh4 41. Kb5 Ra8 42. a6 g5 43. a7 f6 44. Kb6 g4 45. Kb7 Rg8 46. a8Q Rxa8 47. Kxa8 f5 48. hxg4 hxg4 49. Kb7 Kg5 50. Kc6 Kf6 51. Kd6 Kg5 52. Ke5 1-0